Most Common Public School Names (with exceptions) - Statistics

General Stats
  • This quiz has been taken 115 times
    100 since last reset
  • The average score is 13 of 41
Answer Stats
Number of Schools First Word in School Name % Correct
406 Washington
80%
475 Lincoln
66%
635 East
65%
320 Jefferson
65%
941 North
65%
759 South
65%
881 West
65%
605 John
61%
267 George
48%
164 Jackson
46%
324 The
46%
339 Lake
45%
588 New
45%
172 Roosevelt
45%
191 Franklin
43%
230 Thomas
40%
211 School
37%
561 Central
36%
207 Madison
33%
305 William
31%
158 Mount
30%
267 Oak
27%
161 Park
27%
247 Valley
24%
219 San
20%
162 Academy
19%
163 Mary
19%
152 Forest
18%
222 Robert
16%
154 White
16%
179 Pine
14%
171 Spring
14%
175 Fort
13%
154 Riverside
12%
229 Highland
5%
181 Union
5%
255 Dr.
4%
158 Indian
2%
211 Liberty
2%
262 Early
1%
166 Pleasant
0%
No matching quizzes found
Score Distribution
Percent of People with Each Score
Percentile by Number Answered
Your Score History
You have not taken this quiz since the last reset